000 01079nam a2200241 i 4500
001 167465
003 ES-MaACL
005 20250715005734.0
008 000113s1876 sp |||| | spa d
080 _a355.1(460)
080 _a355.02(460)
100 1 _aVidart, Luis,
_d1833-1897
_eaut
_9114538
245 1 3 _aLa fuerza armada :
_bcolección de artículos publicados en la "Revista de España" /
_cescritos por D. Luis Vidart.
260 _aMadrid :
_b[s.n.],
_c1876
_f(Imp. de José Noguera a cargo de M. Martínez)
300 _a63 páginas ;
_c26 cm.
530 _aDisponible en formato digital
650 4 _aFuerzas armadas-
_zEspaña-
_yS.XIX.
_913003
651 7 _aEspaña-
_xPolítica militar-
_yS.XIX
_9168941
852 _aES-MaACL
_cDEPOF
_gDedicatoria autógrafa del autor
_hDonativo de Luis Vidart
_jT-205-F-10
_xEnc. en un vol. facticio
_xHolandesa, falto de enc. original
856 _uhttp://bdh-rd.bne.es/viewer.vm?id=0000243031&page=1
_yVersión en línea
_z(Biblioteca Digital Hispánica)
942 _2udc
_cFOLLETOS
_n0
999 _c167465
_d167465